Sports Quiz

Random Sports or WWE Quiz

WWE Hall of Famers in the Royal Rumble Quiz Stats

 Plays Quiz not verified by Sporcle

Challenge
Share
Tweet
Embed
Score 0/48 Timer 06:00
0 Plays Today
Years Wrestler % Correct
1989-92Hulk Hogan
95.5%
1989-90; 92; 94-96; 03; 06-08; 10Shawn Michaels
92.9%
1996-99; 01-02Steve Austin/The Ringmaster
91.8%
1992-93; 05-07Ric Flair
91.1%
1988; 90; 91; 94; 97Bret Hart
90.8%
1988; 91-92; 09; 12Jim Duggan
86.4%
1999-00; 03; 05; 07; 10Edge
85%
1993; 96Yokozuna
82.3%
1989-90; 92-94Randy Savage
81.8%
1989Big John Studd
78.5%
1994; 96; 11; 14 Kevin Nash
77.1%
1989-90Andre the Giant
77%
1989-91; 93; 02Mr. Perfect
73.8%
1989-90; 92-93Ted DiBiase
73.3%
1990; 92; 08Roddy Piper
72.3%
1997-98; 04; 08; 12Mick Foley
67.1%
1988; 90The Ultimate Warrior
66.5%
2003; 05Eddie Guerrero
64.3%
1988-92; 96Jake Roberts
63.4%
1990-92; 2008Jimmy Snuka
61.6%
1991; 06Road Warrior Animal
60.6%
1991Road Warrior Hawk
60.1%
1989Arn Anderson
59.5%
1993-96; 00Bob Backlund
58.2%
Years Wrestler % Correct
2002-06; 11-12Booker T
57.1%
1990Dusty Rhodes
57%
1988-93Tito Santana
56.2%
1992Sgt. Slaughter
56%
1993-97; 2000-04Rikishi
55.4%
1997-98; 00-02Faarooq
53%
1993; 96-97; 12Jerry Lawler
51.9%
1992Col. Mustafa (The Iron Sheik)
51.5%
1989-90; 93Koko B. Ware
50%
1989-92; 94Greg Valentine
49.5%
1989Tully Blanchard
48.5%
1997-98Terry Funk
44.8%
1989; 91Bushwhacker Luke
44.2%
1996Dory Funk, Jr.
44.1%
1989; 91Bushwhacker Butch
43.8%
2001Drew Carey
42.9%
1988Don Muraco
42.1%
1988Junkyard Dog
40.6%
1988; 92Nikolai Volkoff
40%
1988Harley Race
39%
1991The Texas Tornado (Kerry Von Erich)
37.9%
1997Mil Máscaras
33.4%
1991Saba Simba (Tony Atlas)
32.9%
1993Carlos Colon
32.8%

You're not logged in!

Compare scores with friends on all Sporcle quizzes.
Join for Free
OR
Log In

You Might Also Like...

Show Comments

Extras

Curator's Pick Jan 26, 2012ReportNominate
Tags:WWE Quiz, Royal Rumble, wrestlers, wrestling, WWF

Top Quizzes Today


Score Distribution

Your Account Isn't Verified!

In order to create a playlist on Sporcle, you need to verify the email address you used during registration. Go to your Sporcle Settings to finish the process.

Report this User

Report this user for behavior that violates our Community Guidelines.

Details: